| 000 | 00612nam a2200169Ia 4500 | ||
|---|---|---|---|
| 999 |
_c14429 _d14429 |
||
| 082 | _aRP 0285 | ||
| 100 | _aPramodini, N. | ||
| 245 | 0 |
_aGender symbolism and Meiteiron (Manipuri): a sociolinguistic study (July 2006-Oct 2009) _b: |
|
| 260 | _bIndian Council of Social Science Research, New Delhi | ||
| 300 | _a212 | ||
| 504 | _ainclude appendices and bibliography | ||
| 650 |
_aMeitheis (Indic people) _zIndia _zManipur |
||
| 650 | _aSociolinguistics in literature | ||
| 650 |
_aSex discrimination _zIndia _zManipur |
||
| 650 |
_aMeitheis (Indic people) _vManners and customs _zIndia _zManipur |
||
| 942 |
_cRP _2ddc |
||